000 00494nam a2200181Ia 4500
005 20250326141520.0
008 250326s9999 xx 000 0 und d
037 _aTextbook
040 _aFMSL
_beng
_cFMSL
041 _aeng
_2eng
084 _qFMSL
100 _aRao Ch. P R
_9744625
245 0 _aHuman resource management in municipolitics
_cRao Ch. P R
260 _aNew Delhi
_bNew Delhi, Discovery Pub. House
_c1990
300 _a432p
942 _cTB
999 _c1290666
_d1290666